Представление документа в формате MARC21

Поле Инд. ПП Название Значение
Тип записи a
Библиографический уровень b
001 Контрольный номер RU/IS/BASE/102173828
005 Дата корректировки 20200608194425.5
008 Кодируемые данные 19951116
084 a Индекс другой классификации/Индекс ББК 28.080; 40.38
097 00 a 750
100 10 a Автор Макаров М. И.
100 1_ a Автор Окунева Р. М.
100 1_ a Автор Недбаев Н. П.
245 00 a Заглавие Адсорбция сульфатов лесными почвами при антропогенном подкислении
504 00 a Библиография Библиогр.: с. 36 - 37
650 04 a Основная рубрика биология
a Основная рубрика биоэкология
a Основная рубрика почвоведение
a Основная рубрика сельское хозяйство
a Основная рубрика экология
a Основная рубрика экология почв
653 00 a Ключевые слова адсорбция
a Ключевые слова биосфера
a Ключевые слова кислотные осадки
a Ключевые слова лесные почвы
a Ключевые слова почвы
a Ключевые слова сера
a Ключевые слова сульфаты
773 00 t Заглавие источника Вестник Московского университета. Серия 17, Почвоведение
d Дата издания источника 1995
g Прочая информация № 1. - С. 30 - 37
w Контрольный № источника RU/IS/BASE/102173639
901 t Тип документа b